Poemas / [por] Karol Wojtyla ; versión de Sergio Fernández Bravo

Zapisane w:
Opis bibliograficzny
1. autor: Juan Pablo II (autor)
Format: Książka
Wydanie:3a edición
Hasła przedmiotowe:
Etykiety: Dodaj etykietę
Nie ma etykietki, Dołącz pierwszą etykiete!

MARC

LEADER 00000nam^a2200000^u^4500
001 000546109
005 20250521000000.0
008 060220s1000^^^^^^^^^^^^r^^^^^000^0^spa^d
009 20260310131402.735
022 |a 9684232276 
035 |a FMI 000015624 
037 |a Acervo Xavier Clavigero 
096 |a 9.1.2/19/E 
100 |a Juan Pablo II  |e (autor) 
245 1 0 |a Poemas / [por] Karol Wojtyla ; versión de Sergio Fernández Bravo 
250 |a 3a edición 
264 |a México : Librería Parroquial de Clavería, c1990 
300 |a 114 p. 
336 |a texto  |b txt  |2 rdacontenido 
337 |a sin mediación  |b n  |2 rdamedio 
338 |a volumen  |b nc  |2 rdasoporte 
649 |a XX 
650 |a POESIA POLACA -- SIGLO XX 
910 |a Fondo Francisco Migoya Covarrubias S.J. 
920 |a Impresos - Libros 
930 |a Fondos Especiales 
905 |a 134 
901 |a SBC23474  |b IT2  |c ESP  |u 20250521 
902 |a https://opac.biblio.iteso.mx/vufind/Record/000546109